Billboard #1 Hits of 1977 - Statistics

General Stats
  • This quiz has been taken 29 times
  • The average score is 17 of 28
Answer Stats
Hint Extra Hint Explanation Answer % Correct
Hotel California 7 May (1 wk.) Listen on YouTube Eagles
96%
Dancing Queen 9 April (1 wk.) Listen on YouTube ABBA
92%
How Deep Is Your Love 24 December (3 wks.) Listen on YouTube Bee Gees
88%
Sir Duke 21 May (3 wks.) Listen on YouTube Stevie Wonder
88%
Dreams 18 June (1 wk.) Listen on YouTube Fleetwood Mac
76%
Blinded by the Light 19 February (1 wk.) Listen on YouTube Manfred Mann's Earth Band
76%
Car Wash 29 January (1 wk.) Listen on YouTube Rose Royce
76%
Evergreen (Love Theme from A Star Is Born) 5 March (3 wks.) Listen on YouTube Barbra Streisand
72%
Rich Girl 26 March (2 wks.) Listen on YouTube Daryl Hall and John Oates
68%
You Light Up My Life 15 October (10 wks.) Listen on YouTube Debby Boone
68%
New Kid in Town 26 February (1 wk.) Listen on YouTube Eagles
68%
I'm Your Boogie Man 11 June (1 wk.) Listen on YouTube KC and the Sunshine Band
68%
When I Need You 14 May (1 wk.) Listen on YouTube Leo Sayer
68%
Don't Give Up on Us 16 April (1 wk.) Listen on YouTube David Soul
64%
You Make Me Feel Like Dancing 15 January (1 wk.) Listen on YouTube Leo Sayer
60%
Torn Between Two Lovers 5 February (2 wks.) Listen on YouTube Mary MacGregor
60%
I Wish 22 January (1 wk.) Listen on YouTube Stevie Wonder
56%
Gonna Fly Now (Theme From Rocky) 2 July (1 wk.) Listen on YouTube Bill Conti
52%
Southern Nights 30 April (1 wk.) Listen on YouTube Glen Campbell
52%
You Don't Have to Be a Star (To Be in My Show) 8 January (1 wk.) Listen on YouTube Marilyn McCoo and Billy Davis Jr.
52%
Don't Leave Me This Way 23 April (1 wk.) Listen on YouTube Thelma Houston
52%
Star Wars Theme/Cantina Band 1 October (2 wks.) Listen on YouTube Meco
48%
Undercover Angel 9 July (1 wk.) Listen on YouTube Alan O'Day
44%
Looks Like We Made It 23 July (1 wk.) Listen on YouTube Barry Manilow
44%
I Just Want to Be Your Everything 30 July (3 wks.)
17 September (1 wk.)
Listen on YouTube Andy Gibb
40%
Got to Give It Up 25 June (1 wk.) Listen on YouTube Marvin Gaye
40%
Best of My Love 20 August (4 wks.)
24 September (1 wk.)
Listen on YouTube The Emotions
40%
Da Doo Ron Ron 16 July (1 wk.) Listen on YouTube Shaun Cassidy
32%
No matching quizzes found
Score Distribution
Percent of People with Each Score
Percentile by Number Answered
Your Score History
You have not taken this quiz